Szczegóły MARC21

Deutsch : repetytorium tematyczno-leksykalne dla młodzieży szkolnej, studentów i nie tylko... 2 /

003 -Nazwa inst., której nr kontr. jest w polu 001 [,]
    • @
    • Nazwa instytucji, której n kontrolny jest w polu 001
    • NUKAT
005 -DATA I CZAS OSTATNIEJ MODYFIKACJI [,]
    • @
    • pole kontrolne
    • 20241231101008.0
020 -Międzynarod. znormalizowany nr książki - ISBN [ , ]
    • a
    • Numer ISBN
    • 8390167670 Find
040 -Instytucja sporządzająca opis [ , ]
    • a
    • Instytucja, która sporządziła opis (NP)
    • GL 001/IFW
    • c
    • Instytucja, która sporządziła rekord (NP)
    • GL 001/IFW
    • d
    • Instytucja, która zmodyfikowała rekord (P)
    • GL 001/ACHs
    • d
    • Instytucja, która zmodyfikowała rekord (P)
    • GL 001/KGM
942 -Rodzaj dokumentu [ , ]
    • c
    • Rodzaj dokumentu
    • Książka
100 -Hasło główne - nazwa osobowa [1, ]
    • a
    • Nazwa osobowa (NP)
    • Rostek, Ewa Maria.
    • 9
    • KHW
    • 83913
245 -Strefa tytułu i oznaczenia odpowiedzialności [1,0]
    • a
    • Tytuł
    • Deutsch : Find
    • b
    • Ciąg dalszy tytułu (NP)
    • repetytorium tematyczno-leksykalne dla młodzieży szkolnej, studentów i nie tylko... Find
    • n
    • Oznaczenie części (P)
    • 2 /
    • c
    • Pozostałe elementy strefy tytułu i oznaczenia odpowiedzialności (NP)
    • Ewa Maria Rostek.
260 -Strefa adresu wydawniczego [ , ]
    • a
    • Miejsce wydania (P)
    • Poznań :
    • b
    • Nazwa wydawcy (P)
    • WAGROS,
    • c
    • Data wydania (P)
    • cop. 2005.
300 -Strefa opisu fizycznego [ , ]
    • a
    • Określenie formy książki i/lub objętość (NP)
    • 114, [2] s. :
    • b
    • Oznaczenie ilustracji (NP)
    • il. ;
    • c
    • Format (NP)
    • 24 cm.
336 -Typ zawartości [ , ]
    • a
    • Termin opisujący typ zawartości
    • Tekst
    • b
    • Kod określający zawartość
    • txt
    • 2
    • Źródło (terminu i kodu)
    • rdacontent
337 -Typ mediów [ , ]
    • a
    • Tryb odtwarzania
    • Bez urządzenia pośredniczącego
    • b
    • Kod typu mediów
    • n
    • 2
    • Źródło (terminu i kodu)
    • rdamedia
338 -Typ/rodzaj nośnika [ , ]
    • a
    • Hasło opisujące typ nośnika
    • Wolumin
    • b
    • Kod typu nośnika
    • nc
    • 2
    • Źródło (terminu i kodu)
    • rdacarrier
080 -Uniwersalna Klasyfikacja Dziesiętna [ , ]
    • 2
    • Identyfikator wydania tablic
    • UDC-P058
    • a
    • Symbol klasyfikacji
    • 811.112.2
    • b
    • Dopowiedzenie
    • Język niemiecki.
    • x
    • Poddział wspólny
    • (075.3)
    • b
    • Dopowiedzenie
    • (Podręczniki dla szkół średnich).
080 -Uniwersalna Klasyfikacja Dziesiętna [ , ]
    • 2
    • Identyfikator wydania tablic
    • UDC-P058
    • a
    • Symbol klasyfikacji
    • 37.091.27
    • b
    • Dopowiedzenie
    • Egzaminy szkolne. System kwalifikacyjny. Konkursy. Egzaminy pisemne, ustne, egzaminy praktyczne. Wymagania egzaminacyjne. Sprawdzian dla szóstoklasistów. Egzaminy gimnazjalne. Egzaminy wstępne do szkół. Egzamin maturalny. Olimpiady szkolne. Komisja egzaminacyjna. Warunki przeprowadzania egzaminów.
650 -Hasło przedmiotowe [ ,7]
    • a
    • Hasło przedmiotowe
    • Język niemiecki
    • v
    • Określnik formalny
    • podręczniki dla polskojęzycznych.
    • 2
    • Źródło terminu
    • kaba
    • 9
    • KHW
    • 353754
980 -Symbol UKD [ , ]
    • a
    • UKD
    • 811.112.2(075.3):37.091.27
710 -Hasło dodatkowe - nazwa ciała zbiorowego [2, ]
    • a
    • Nazwa ciała zbiorowego lub nazwa geograficzna jako pierwszy element (NP)
    • Wydawnictwo Wagros.
    • 4
    • Kod relacji
    • pbl
    • 9
    • KHW
    • 68136
920 -ISBN [ , ]
    • a
    • ISBN
    • 83-901676-7-0 Find
Lokalizacja Data inwentaryzacji Status udost. Numer inwentarzowy Sygnatura
BM2008-10-15-3G.18591Germ. Nauka jęz.-podręczniki 02